000
00302nam a2200121Ia 4500
008
190216s9999||||xx |||||||||||||| ||und||
100
_a
Mathachan M Lazarus Et And Joseph P A
245
0
_a
Experimental Physics
260
_b
Vidyarthimithram
_c
1995
300
_a
191p
650
_a
Physics
942
_c
BK
999
_c
33289
_d
33289